| 000 | 004270000a22001690004500 | ||
|---|---|---|---|
| 003 | MACL | ||
| 005 | 20160106174351.0 | ||
| 008 | 160106b xxu||||| |||| 00| 0 eng d | ||
| 040 |
_aMACL _cMACL |
||
| 041 | _aEnglish | ||
| 082 | _a823/LIN | ||
| 100 |
_aLinton, Eriea _929086 |
||
| 245 | _afragments of A Vision | ||
| 260 |
_bSarva Seva Sangh Prakashan _c1971 _aVaranasi |
||
| 650 |
_aFiction _929087 |
||
| 942 |
_cBK _k823/Lin _2ddc |
||
| 999 |
_c36087 _d36087 |
||